[Event "Politiken Cup"]
[Site "Copenhagen"]
[Date "1997.07.16"]
[Round "11"]
[White "Grigorian, Meri"]
[Black "Eriksson, Anders"]
[Result "0-1"]
[WhiteElo "2085"]
[BlackElo "2300"]

1.d4 Nf6 2.Nf3 e6 3.c4 Bb4+ 4.Bd2 a5 5.g3 b6 6.Bg2 Bb7 7.O-O O-O 8.a3 Bxd2
9.Nbxd2 c5 10.dxc5 bxc5 11.Qc2 Nc6 12.e4 d6 13.Rad1 Qb6 14.Nb1 Rfd8 15.Nc3 Ba6
16.e5 dxe5 17.Ne4 Ne8 18.Neg5 h6 19.Qh7+ Kf8 20.Qh8+ Ke7 21.Nh7 Nf6 22.Qxg7 Nxh7
23.Qxh7 Rxd1 24.Rxd1 Rd8 25.Re1 Qxb2 26.Qxh6 Qc3 27.Qg5+ Ke8 28.Qg8+ Ke7
29.Qg5+ Ke8 30.Rc1 Qxa3 31.Qg8+ Ke7 32.Qg5+ Kd7 33.Rd1+ Kc8 34.Rxd8+ Nxd8
35.h4 Bxc4 36.Nxe5 Qa1+ 37.Kh2 Qd4 38.Nxc4 Qxc4 39.Qe7 a4 40.Qa7 Qb4 41.Qa8+ Kd7
42.Qa7+ Ke8 43.h5 a3 44.h6 Qb2 45.h7 a2 46.Qa4+ Kf8 47.Qxa2 Qxa2 48.h8=Q+ Ke7
49.Qh4+ Kd7 50.Qf6 Qd2 51.Bf1 Qd4 52.Bb5+ Kc7 53.Qe7+ Kb6 54.Bd7 Qxf2+ 55.Kh3 Qf5+
56.Kh2 Nc6 57.Qe8 Qh5+ 58.Kg1 c4 59.Bxc6 Qc5+ 60.Kh2 Qxc6 61.Qxf7 c3 62.Qf2+ Qc5
63.Qc2 Qe3 64.Qb3+ Kc5 65.Kh3 Kd4 66.Kh4 Qe4+ 67.g4 c2 68.Qb4+  0-1

[Event "Wch U20"]
[Site "Zagan"]
[Date "1997.07.21"]
[Round "7"]
[White "Bates, Richard"]
[Black "Socko, Bartosz"]
[Result "1/2-1/2"]
[WhiteElo "2345"]
[BlackElo "2435"]

1.d4 Nf6 2.c4 e6 3.Nf3 Bb4+ 4.Bd2 Qe7 5.g3 O-O 6.Bg2 Bxd2+ 7.Qxd2 d6 8.Nc3 e5
9.O-O Nc6 10.d5 Nb8 11.e4 a5 12.Ne1 Na6 13.Nd3 Nd7 14.f4 Ndc5 15.Nxc5 Nxc5
16.f5 f6 17.h4 Bd7 18.g4 Rfb8 19.Rf3 b5 20.cxb5 Bxb5 21.g5 Kh8 22.Rg3 Ba6
23.Bf1 Rb4 24.Bxa6 Rxa6 25.Qe2 Rab6 26.b3 a4 27.bxa4 Rb8 28.a5 Rb2 29.Qh5 Rd2
30.Rd1 Rd4  1/2-1/2

[Event "Wch U20"]
[Site "Zagan"]
[Date "1997.07.22"]
[Round "8"]
[White "Delemarre, Jop"]
[Black "Macieja, Bartlomiej"]
[Result "0-1"]
[WhiteElo "2395"]
[BlackElo "2470"]

1.d4 Nf6 2.Nf3 e6 3.c4 Bb4+ 4.Bd2 Qe7 5.g3 Nc6 6.Nc3 Bxc3 7.Bxc3 Ne4 8.Rc1 O-O
9.Bg2 d6 10.d5 Nd8 11.dxe6 Nxe6 12.Bb4 f5 13.O-O c5 14.Bc3 Bd7 15.Nd2 Nxc3
16.Rxc3 Bc6 17.Bxc6 bxc6 18.Nf3 Rad8 19.Qa4 Nd4 20.Re3 Qf6 21.Nxd4 cxd4 22.Rd3 c5
23.b4 Qf7 24.bxc5 dxc5 25.e3 dxe3 26.Rxe3 f4 27.gxf4 Rd4 28.Qc6 Rxc4 29.Qe6 Qxe6
30.Rxe6 Rfxf4 31.Rb1 h5 32.Re2 Rc3 33.Rb3 Rg4+ 34.Kf1 Rc1+ 35.Re1 Rxe1+ 36.Kxe1 Ra4
37.Rc3 c4 38.h4 Kf7 39.a3 Kf6 40.Ke2 g5 41.hxg5+ Kxg5 42.Rg3+ Kh6 43.Rc3 h4
44.Kf3 Kg5 45.Ke4 Kg4 46.f3+ Kg3 47.f4+ Kg4 48.f5 h3 49.f6 h2 50.Rc1 c3+
51.Ke3 Rf4 52.Rh1 Kg3  0-1

[Event "RUS-Cup10"]
[Site "Tomsk"]
[Date "1997.07.25"]
[Round "4"]
[White "Temirbaev, Serik"]
[Black "Lopushnoy, Denis"]
[Result "1/2-1/2"]
[WhiteElo "2475"]
[BlackElo "2385"]

1.d4 Nf6 2.c4 e6 3.Nf3 Bb4+ 4.Bd2 Qe7 5.g3 Nc6 6.Bg2 Bxd2+ 7.Nbxd2 d6 8.O-O a5
9.e4 e5 10.d5 Nb8 11.b3 O-O 12.Ne1 Na6 13.Nc2 c6 14.Ne3 Nc5 15.a3 Bd7 16.Qe2 g6
17.Rfb1 Na6 18.dxc6 bxc6 19.b4 axb4 20.axb4 Nc7 21.Qd3 Rfb8 22.Qc3 Rxa1 23.Rxa1 Ne6
24.Nb3 Be8 25.Nc2 c5 26.b5 Nd4 27.Qd3 Bd7 28.Ra7 Qd8 29.Ne3 Be6 30.Nd2 Nd7
31.Qa3 Nb6 32.h4 Qf6 33.Qd3 Qd8 34.Nd5 Bxd5 35.exd5 f5 36.Qe3 Ra8 37.Qa3 Rb8
38.Qa6 h6 39.Rb7 Ne2+ 40.Kh2 Nd4 41.Qa7 Rxb7 42.Qxb7 Nd7 43.Qa7  1/2-1/2

[Event "Bad Homburg"]
[Site "Bad Homburg"]
[Date "1997.07.27"]
[Round "2"]
[White "Dautov, Rustem"]
[Black "Xu Jun"]
[Result "1/2-1/2"]
[WhiteElo "2595"]
[BlackElo "2505"]

1.d4 Nf6 2.Nf3 e6 3.c4 Bb4+ 4.Bd2 a5 5.g3 b6 6.Bg2 Bb7 7.O-O O-O 8.Bg5 Be7
9.Qc2 Be4 10.Qc1 Bb7 11.Nc3 Ne4 12.Nxe4 Bxe4 13.Bxe7 Qxe7 14.Qf4 d5 15.cxd5 exd5
16.Rac1 Na6 17.Rc6 Qb4 18.Qc1 Qb5 19.Re1 Rfe8 20.a3 Re7 21.Rc3 c5 22.e3 c4
23.b3 cxb3 24.Bf1 Qa4 25.Nd2 Bc2 26.Nxb3 Bxb3 27.Bxa6 Rxa6 28.Rxb3 h5 29.Qc3 Re6
30.Rc1 h4 31.Qd3 Ra8 32.Qb5 Qxb5 33.Rxb5 hxg3 34.hxg3 Rd8 35.Rc7 Rdd6 36.Kg2 g5
37.g4 Kg7 38.Kf3 Kg6 39.Rc8 Kg7 40.Rb8 Kh7 41.Ke2 Kg7 42.Rc8 Kh7 43.Kf3 Kg7
44.a4 Kh7 45.Rb8 Kg7 46.Kg3 Kh7 47.Rb1 Kg7 48.Rb5 Kh7 49.Rc8 Kg7 50.Rc7 Kg6
51.Rb1 Rc6 52.Rc1 Rxc1 53.Rxc1 Kf6 54.Rc8 Ke7 55.Rc7+ Ke8 56.Rb7 f6 57.Kf3 Kd8
58.Ke2 Rc6 59.Kd3 Kc8 60.Rf7 Rc4 61.Rxf6 Kc7 62.Rf5 Rxa4 63.Rxd5 Ra2 64.Rf5 Kc6
65.e4 a4 66.Rf7 b5 67.d5+ Kb6 68.Rf6+ Kb7 69.Rf7+ Kb6 70.Rf8 a3 71.d6 Ra1
72.Kc2 Kc6 73.e5 Re1 74.Rc8+ Kd7 75.Rc7+ Kd8 76.Kb3 Rxe5 77.Kxa3 Re4 78.f3 Rf4
79.Rg7 Rxf3+ 80.Kb4 Rf4+ 81.Kxb5  1/2-1/2

[Event "MK Cafe op-A"]
[Site "Koszalin"]
[Date "1997.08.04"]
[Round "2"]
[White "Rustemov, Alexander"]
[Black "Kokkila, Tero"]
[Result "1/2-1/2"]
[WhiteElo "2535"]
[BlackElo "2335"]

1.d4 Nf6 2.Nf3 e6 3.c4 Bb4+ 4.Bd2 Qe7 5.g3 Nc6 6.Nc3 Bxc3 7.Bxc3 Ne4 8.Qc2 Nxc3
9.Qxc3 O-O 10.Bg2 d6 11.d5 Nd8 12.O-O e5 13.e4 f5 14.exf5 Bxf5 15.Rae1 Nf7
16.Nd2 Rae8 17.f4 Qd7 18.Nf3 exf4 19.gxf4 Rxe1 20.Rxe1 Re8 21.Nd4 Rxe1+ 22.Qxe1 g6
23.b3 Kf8 24.Kf2 Qe7 25.Qc3 Qh4+ 26.Qg3 Qf6 27.Qe3 Bd7 28.Kg3 Nh6 29.Be4 Ng4
30.Qe2 Qe7 31.Bf3 Qe3 32.Qxe3 Nxe3 33.Be4 Ke7 34.Kf3 Nf5 35.Bxf5 Bxf5 36.Ke3 Bd7
37.b4 c6 38.dxc6 bxc6 39.c5 dxc5 40.bxc5 Kf6 41.a3 g5 42.fxg5+ Kxg5 43.Ke4 Kf6
44.Kf4 Be8 45.a4 Bd7 46.a5 Be8 47.Nf5 Bg6 48.Nd4 Be8 49.Nc2 Bd7 50.Nb4 Be8
51.Na6 Bf7 52.Ke4 Bd5+ 53.Kf4 Bf7 54.Nb4 Be8 55.Nd3 Ke6 56.Nb4 Kf6  1/2-1/2

[Event "MK Cafe op-A"]
[Site "Koszalin"]
[Date "1997.08.04"]
[Round "3"]
[White "Grabarczyk, Miroslaw"]
[Black "Rozentalis, Eduardas"]
[Result "0-1"]
[WhiteElo "2480"]
[BlackElo "2645"]

1.d4 Nf6 2.c4 e6 3.Nf3 Bb4+ 4.Bd2 Qe7 5.g3 Nc6 6.Bg2 Bxd2+ 7.Nbxd2 d6 8.O-O O-O
9.e4 e5 10.d5 Nb8 11.Ne1 a5 12.Nd3 Na6 13.b3 Bd7 14.a3 b5 15.Qc2 Rfb8 16.Rfc1 c5
17.cxb5 Bxb5 18.Nb2 Nc7 19.Nbc4 Nd7 20.Qc3 a4 21.Rcb1 g6 22.Bf1 Qf8 23.Bh3 Nf6
24.Bg2 Qd8 25.b4 Bxc4 26.Qxc4 Nd7 27.Bh3 Nb6 28.Qc2 Nb5 29.bxc5 Nd4 30.Qd1 dxc5
31.Nf3 Nc4 32.Rxb8 Qxb8 33.Nxd4 cxd4 34.Rb1 Qa7 35.Qc1 Nd6 36.Qc6 Rd8 37.Bg2 Rb8
38.Rxb8+ Qxb8 39.f3 d3 40.Qc3 Qb6+ 41.Kf1 Qb1+  0-1

[Event "MK Cafe op-A"]
[Site "Koszalin"]
[Date "1997.08.04"]
[Round "3"]
[White "Cichocki, Adam"]
[Black "Grigorian, Meri"]
[Result "1-0"]
[WhiteElo "2330"]
[BlackElo "2085"]

1.d4 Nf6 2.c4 e6 3.Nf3 Bb4+ 4.Bd2 Qe7 5.g3 b6 6.Bg2 Bb7 7.O-O Bxd2 8.Nbxd2 d6
9.Qc2 Nbd7 10.e4 O-O 11.d5 a5 12.Nd4 Nc5 13.f4 exd5 14.Nf5 Qd7 15.cxd5 Ba6
16.Rfe1 Bd3 17.Qc3 Rfe8 18.g4 h6 19.Re3 Qb5 20.a4 Qb4 21.Rxd3 Nxd3 22.Qxd3 Qc5+
23.Qd4 Qxd4+ 24.Nxd4 Nxg4 25.Rc1 Re7 26.Nf5 Rd7 27.Bf1 g6 28.Bb5 Rdd8 29.Nd4 f5
30.exf5 gxf5 31.Nxf5 Kh8 32.h3 Nf6 33.Ne7 Kg7 34.Rxc7 Rf8 35.Nf5+ Kg6 36.Bd3 Kh5
37.Rg7 Rg8 38.Be2+ Ng4 39.Bxg4+  1-0

[Event "BCF-ch"]
[Site "Hove"]
[Date "1997.08.05"]
[Round "2"]
[White "Sadler, Matthew"]
[Black "Roktim, Bandyopadhyay"]
[Result "1-0"]
[WhiteElo "2665"]
[BlackElo "2275"]

1.d4 Nf6 2.c4 e6 3.Nf3 Bb4+ 4.Bd2 a5 5.Nc3 b6 6.e3 Bb7 7.Bd3 O-O 8.O-O d6
9.Re1 Bxc3 10.Bxc3 Ne4 11.Bxe4 Bxe4 12.Nd2 Bb7 13.e4 Nd7 14.Nf1 e5 15.d5 Nc5
16.Ng3 Bc8 17.Rf1 Qh4 18.Qe2 f5 19.exf5 Bxf5 20.Nxf5 Rxf5 21.f3 Raf8 22.Rad1 e4
23.fxe4 Qxe4 24.Qxe4 Rxf1+ 25.Rxf1 Rxf1+ 26.Kxf1 Nxe4 27.Be1 Kf8 28.Ke2 Ng5
29.c5 dxc5 30.Bg3 Ke7 31.Bxc7 b5 32.a4 bxa4 33.Kd3 Kd7 34.Bf4 Nf7 35.Kc4 g5
36.Bb8 Kc8 37.Bg3 h5 38.h3 h4 39.Bh2 Kd7 40.Kxc5 Nh6  1-0

[Event "Lost Boys op"]
[Site "Antwerp"]
[Date "1997.08.07"]
[Round "6"]
[White "Avrukh, Boris"]
[Black "Giddins, Stephen"]
[Result "1-0"]
[WhiteElo "2550"]
[BlackElo "2375"]

1.d4 e6 2.c4 Nf6 3.Nf3 Bb4+ 4.Bd2 Qe7 5.g3 Nc6 6.Nc3 O-O 7.Bg2 Bxc3 8.Bxc3 Ne4
9.Rc1 d6 10.O-O Nxc3 11.Rxc3 e5 12.d5 Nb8 13.b4 a5 14.Ra3 Bg4 15.Nd2 b6 16.bxa5 Rxa5
17.Rxa5 bxa5 18.Nb3 a4 19.Na5 Bd7 20.Qb1 Na6 21.Qb7 Bc8 22.Qa7 Nc5 23.Nc6 Qd7
24.Nxe5 Qe7 25.Nc6 Qd7 26.Rb1 g6 27.Rb8 Kg7 28.Qa5 Re8 29.Qc3+ Kg8 30.Bf3 Na6
31.Ra8 Nc5 32.Qf6 Ba6 33.Bg4  1-0

[Event "MK Cafe op-A"]
[Site "Koszalin"]
[Date "1997.08.08"]
[Round "7"]
[White "Malaniuk, Vladimir P"]
[Black "Macieja, Bartlomiej"]
[Result "1-0"]
[WhiteElo "2615"]
[BlackElo "2470"]

1.d4 Nf6 2.c4 e6 3.Nf3 Bb4+ 4.Bd2 Qe7 5.g3 Nc6 6.Nc3 O-O 7.Bg2 d6 8.O-O Bxc3
9.Bxc3 Ne4 10.Be1 e5 11.d5 Nd8 12.Qc2 f5 13.Nh4 Ng5 14.f4 exf4 15.Rxf4 g6
16.Bc3 Ndf7 17.Raf1 Bd7 18.e4 Nh6 19.exf5 Qe3+ 20.Kh1 Nxf5 21.Bd2 Qe7 22.Re1 Qd8
23.Nxf5 Rxf5 24.Bc3 Qf8 25.Qd2 h6 26.Qd4 Kf7 27.Rxf5+ Bxf5 28.h4 c5 29.dxc6 Ne6
30.cxb7 Rb8 31.Qxa7 g5 32.Rf1 gxh4 33.Qe3 h3 34.Be4  1-0

[Event "Schwarzach op-B"]
[Site "Schwarzach"]
[Date "1997.08.24"]
[Round "2.1"]
[White "Fischinger, Wolfgang"]
[Black "Wingender, Hans Peter"]
[Result "0-1"]
[WhiteElo "1693"]
[BlackElo "1894"]

1.Nf3 Nf6 2.c4 e6 3.d4 Bb4+ 4.Bd2 Qe7 5.a3 Bxd2+ 6.Qxd2 b6 7.e3 Bb7 8.Be2 O-O
9.Nc3 d6 10.O-O Nbd7 11.Rfd1 e5 12.d5 g6 13.e4 Kg7 14.h3 Nh5 15.g3 Nc5 16.b4 Nb3
17.Qe3 Nxa1 18.Rxa1 a5 19.b5 Nf6 20.Kh2 Nd7 21.Na4 h6 22.Rh1 f5 23.Nd2 f4
24.Qf3 Qg5 25.g4 Rf7 26.Qg2 f3 27.Nxf3 Qf4+ 28.Qg3 Qxe4 29.Nc3 Qf4 30.Kg2 Raf8
31.Rf1 Nc5 32.Qxf4 Rxf4 33.Nd2 Ne6 34.Nce4 Nd4 35.Bd1 Bc8 36.f3 g5 37.Rh1 Bd7
38.a4 Be8 39.Re1 Bg6 40.Re3 Bxe4 41.Nxe4 Kg6 42.Kg3 h5 43.Nd2 hxg4 44.hxg4 R4f7
45.Ne4 Rh8 46.Re1 Rfh7 47.Nf2 Rh2 48.Rg1 R2h4 49.Re1 Rh2 50.Rg1 e4 51.fxe4 Kf6
52.Bf3 Nb3 53.Rd1 Nc5 54.Ra1 Nd3 55.Bg2 Nxf2 56.Kxf2 Ke5 57.Kg3 R2h6 58.Rf1 Kd4
59.Rd1+ Kc5 60.Re1 Re8 61.Rf1 Re7 62.Rf5 Rg6 63.Bf3 Kb4 64.e5 Rxe5 65.Rf7 Re3
66.Kf2 Rc3 67.Be2 Rh6 68.Rf5 Rh2+ 69.Ke1 Re3 70.Rf2 Rxf2 71.Kxf2 Rxe2+ 72.Kxe2 Kxa4
73.Kd2 Kb3 74.Kc1 Kxc4  0-1

[Event "Chania op 7th"]
[Site "Chania"]
[Date "1997.09.06"]
[Round "4"]
[White "Anev, Asen"]
[Black "Logothetis, Sotirios"]
[Result "1-0"]
[WhiteElo "2215"]
[BlackElo "2080"]

1.d4 Nf6 2.c4 e6 3.Nf3 Bb4+ 4.Bd2 Qe7 5.a3 Bxd2+ 6.Qxd2 a5 7.Nc3 d6 8.g3 O-O
9.Bg2 e5 10.O-O Re8 11.e3 Nbd7 12.Qc2 Nf8 13.Nd5 Nxd5 14.cxd5 Bg4 15.dxe5 dxe5
16.Nd2 Rec8 17.Rfc1 Nd7 18.f3 Bh5 19.Bh3 c6 20.Qb3 Rcb8 21.dxc6 bxc6 22.Qc3 Nf6
23.Qxc6 Qa7 24.Rc5 Rxb2 25.Nc4 Rc2 26.g4 e4 27.gxh5 Rd8 28.Qc7 Qa8 29.Rxa5  1-0

[Event "RUS-ch (Women)"]
[Site "Elista"]
[Date "1997.09.22"]
[Round "4"]
[White "Shumiakina, Tatiana"]
[Black "Ovchinikova, Julia"]
[Result "1-0"]
[WhiteElo "2385"]
[BlackElo "2240"]

1.d4 Nf6 2.c4 e6 3.Nf3 Bb4+ 4.Bd2 Be7 5.g3 d5 6.Bg2 O-O 7.O-O c6 8.Qb3 b6
9.Nc3 Ba6 10.cxd5 cxd5 11.Ne5 Bb7 12.Qa4 a6 13.Rfc1 Ne4 14.Be3 Nd6 15.Qb3 Ra7
16.Na4 Nb5 17.Bf1 f6 18.Nd3 Nc6 19.Nf4 Qd6 20.Qd1 Nd8 21.Bh3 Re8 22.Nd3 Nf7
23.Qb3 Bf8 24.Nxb6 Qxb6 25.a4 Bc6 26.Nc5 Nd8 27.axb5 Bxb5 28.Bd2 Qd6 29.Bf4 e5
30.dxe5 fxe5 31.Ne4 Qg6 32.Qxd5+ Kh8 33.Be3 Rb7 34.Bc8 Rb8 35.Ba7 Bc6 36.Rxc6 Qxc6
37.Qxc6 Nxc6 38.Bxb8 Rxc8 39.Bd6 a5 40.Rc1 Kg8 41.Rc5 a4 42.Bxf8 Kxf8 43.Nd6 Rc7
44.Nc4  1-0

[Event "EUCup Gr3"]
[Site "Slough"]
[Date "1997.09.24"]
[Round "3"]
[White "Stanec, Nikolaus"]
[Black "Kosten, Anthony C"]
[Result "0-1"]
[WhiteElo "2465"]
[BlackElo "2530"]

1.d4 Nf6 2.c4 e6 3.Nf3 Bb4+ 4.Bd2 Qe7 5.g3 Nc6 6.Bg2 Bxd2+ 7.Qxd2 Ne4 8.Qc2 Qb4+
9.Nc3 Nxc3 10.Qxc3 Qxc3+ 11.bxc3 Na5 12.Nd2 Rb8 13.c5 b6 14.Nb3 Ba6 15.Bf3 Ke7
16.O-O Nb7 17.Rfb1 d5 18.e4 Bd3 19.Re1 dxe4 20.Bxe4 Bxe4 21.Rxe4 Rhd8 22.Rae1 a5
23.Re5 a4 24.cxb6 cxb6 25.Nd2 Rbc8 26.R1e3 Rc6 27.Rb5 Nd6 28.Rb4 Rdc8 29.Rxa4 Rxc3
30.Rxc3 Rxc3 31.Ra7+ Kd8 32.Kg2 Rc7 33.Ra6 Rc2 34.Ra8+ Kc7 35.Nf3 Kb7 36.Rd8 Ne4
37.Rd7+ Rc7 38.Rd8 Nc3 39.a3 Nb5 40.d5 exd5 41.Rxd5 Nxa3 42.Nd4 Ka6 43.Kf3 b5
44.Ke4 Ka5 45.Kd3 Ka4 46.Rd8 Nc4 47.Rb8 Ne5+ 48.Ke4 Nc6 49.Ra8+ Kb4 50.Nf5 g6
51.Ne3 Rd7 52.Nd5+ Kb3 53.Nf6 Re7+ 54.Kd5 Nb4+ 55.Kd4 h5 56.Ne4 Nc2+ 57.Kd5 Nb4+
58.Kd4 Rd7+ 59.Ke5 Nd3+ 60.Kf6 b4 61.f4 h4 62.Ng5 hxg3 63.hxg3 Rc7 64.Nxf7 Rc6+
65.Kg7 Kc2 66.Rb8 b3 67.Ne5 Nxe5 68.fxe5 Re6 69.g4 g5 70.Rb5 b2 71.Rc5+ Kd3
72.Rb5 Kc3 73.Kf7 Rxe5 74.Rxe5 b1=Q 75.Rxg5 Kd4 76.Rg6 Ke5 77.Kg7 Kf4 78.Kf6 Qb7
79.Ke6 Qh7 80.Kf6 Qh8+ 81.Kf7 Qh7+ 82.Kf6 Qd7 83.Rg7 Qd8+ 84.Kf7 Ke5 85.Rg6 Qd7+
86.Kg8 Qe7 87.Kh8 Qf7 88.Rg7 Qe8+ 89.Rg8 Qe7 90.Rg6 Qf7 91.Rg7 Qf6 92.Kh7 Qh4+
93.Kg8 Kf6 94.Rf7+ Ke6 95.Rg7 Qh6 96.Rh7 Qd2 97.Rg7 Qd3 98.Kh8 Kf6 99.Kg8 Qd8+
100.Kh7 Qe8 101.g5+ Kf5 102.g6 Kf6 103.Rg8 Qe4 104.Rg7 Qd3 105.Kh8 Qh3+ 106.Kg8 Qh2  0-1

[Event "ESP-ch"]
[Site "Torrevieja"]
[Date "1997.09.30"]
[Round "2"]
[White "Izeta Txabarri, Felix"]
[Black "Merino Garcia, Rafael"]
[Result "1/2-1/2"]
[WhiteElo "2525"]
[BlackElo "2285"]

1.d4 Nf6 2.Nf3 e6 3.c4 Bb4+ 4.Bd2 Qe7 5.g3 Nc6 6.Bg2 Bxd2+ 7.Nbxd2 a5 8.O-O d6
9.e4 e5 10.d5 Nb8 11.Ne1 h5 12.h3 Nbd7 13.Nd3 b6 14.Qe2 Nc5 15.f4 Nxd3 16.Qxd3 h4
17.g4 exf4 18.e5 Nd7 19.exd6 cxd6 20.Qd4 O-O 21.Rxf4 Rb8 22.Kh1 b5 23.b3 Ba6
24.Re4 Qf6 25.Qxf6 Nxf6 26.Rd4 bxc4 27.Nxc4 Bxc4 28.Rxc4 Rfe8 29.Rac1 Re5
30.Rd1 Rb4 31.Rxb4 axb4 32.Rd4 Re1+ 33.Kh2 Re2 34.g5 Nh7 35.Rxh4 Nxg5 36.Rxb4 Rxa2
37.Kg3 f5 38.h4 Nf7 39.Bh3 g6 40.h5 Kg7 41.Rb7 Kf6 42.hxg6 Kxg6 43.Kf4 Rf2+
44.Ke3 Rh2  1/2-1/2

[Event "ESP-ch"]
[Site "Torrevieja"]
[Date "1997.10.02"]
[Round "5"]
[White "Lopez Martinez, Jose Manuel"]
[Black "Suarez, Diego"]
[Result "1/2-1/2"]
[WhiteElo "2255"]
[BlackElo "2385"]

1.Nf3 Nf6 2.c4 e6 3.d4 Bb4+ 4.Bd2 Qe7 5.g3 Nc6 6.Bg2 Bxd2+ 7.Nbxd2 d6 8.O-O a5
9.e4 e5 10.d5 Nb8 11.Ne1 O-O 12.Nd3 h6 13.Qc2 Na6 14.a3 Nc5 15.b4 Nxd3 16.Qxd3 Nh7
17.Qc3 axb4 18.axb4 Rxa1 19.Rxa1 f5 20.exf5 Bxf5 21.Ra7 Bc8 22.Qe3 Qf7 23.Ne4 Nf6
24.Nxf6+ Qxf6 25.Be4 Qd8 26.c5 Bh3 27.cxd6 Qxd6 28.Qc5 Qf6 29.Qe3 Qd6 30.Qc5 Qf6
31.Qe3 Bc8 32.Ra1 Bf5 33.Bg2 Rf7 34.Rc1 Qe7 35.Qc3 Qf6 36.Qe3 Qe7 37.Qc3 Qf6
38.Qe3 Qe7  1/2-1/2

[Event "WchT 4th"]
[Site "Luzern"]
[Date "1997.10.28"]
[Round "4"]
[White "Borges Mateos, Juan"]
[Black "Dizdar, Goran"]
[Result "0-1"]
[WhiteElo "2480"]
[BlackElo "2545"]

1.d4 Nf6 2.c4 e6 3.Nf3 Bb4+ 4.Bd2 c5 5.g3 Qb6 6.Bg2 Nc6 7.d5 exd5 8.cxd5 Nxd5
9.O-O Nde7 10.e4 d6 11.Bc3 Bxc3 12.Nxc3 Bg4 13.Qxd6 Bxf3 14.Bxf3 Rd8 15.Qf4 Qxb2
16.Rfc1 b6 17.Bg4 h5 18.Bh3 h4 19.Kg2 Qd2 20.Qc7 Qd6 21.Qb7 Qb8 22.Qa6 Nd4
23.Rd1 Rh6 24.Qd3 Kf8 25.Rac1 Qb7 26.Qe3 Nec6 27.Nd5 Re8 28.Qf4 Kg8 29.Bd7 Rf8
30.Bxc6 Nxc6 31.gxh4 Ne7 32.Rc3 Ng6 33.Qg5 Rxh4 34.Re1 Re8 35.Rce3 Qc8 36.h3 Rexe4
37.Rxe4 Qxh3+  0-1

[Event "RUS-Cup01 Chigorin mem"]
[Site "St Petersburg"]
[Date "1997.11.03"]
[Round "3"]
[White "Shchukin, Dmitry"]
[Black "Loginov, Valery A"]
[Result "0-1"]
[WhiteElo "2400"]
[BlackElo "2550"]

1.d4 Nf6 2.c4 e6 3.Nf3 Bb4+ 4.Bd2 Qe7 5.e3 b6 6.Bxb4 Qxb4+ 7.Qd2 Qxd2+ 8.Nfxd2 c5
9.dxc5 bxc5 10.Be2 Bb7 11.Bf3 Nc6 12.Nc3 Ke7 13.Ke2 Rab8 14.b3 d6 15.Rhd1 g5
16.h3 h5 17.h4 g4 18.Be4 Rhd8 19.Rac1 Nxe4 20.Ndxe4 Ne5 21.Kf1 Bc6 22.Rc2 f5
23.Ng3 Ng6 24.Nce2 Nxh4 25.Nf4 Rh8 26.Rcd2 Rbd8 27.Kg1 Rh6 28.Rd3 a5 29.R3d2 a4
30.bxa4 Ng6 31.Nxg6+ Rxg6 32.Nxh5 Rh6 33.Nf4 Rdh8 34.Kf1 Bxa4 35.Re1 Rh1+
36.Ke2 Rxe1+ 37.Kxe1 Rh1+ 38.Ke2 Bc6 39.Rb2 Kd7 40.Rb6 Ra1 41.Ra6 e5 42.Ra7+ Kc8
43.Nd5 Bb7 44.Ra3 Rb1 45.g3 Rb2+ 46.Ke1 Bxd5 47.cxd5 Kb7 48.Ra4 Rc2 49.a3 e4
50.Ra5 Rb2 51.Ra4 Rb1+ 52.Ke2 Rb2+ 53.Ke1 Rb3 54.Ra5 Rd3 55.Rb5+ Ka7 56.Ra5+ Kb6
57.Ra8 Rxd5 58.a4 Kb7 59.Rf8 c4 60.Rf7+ Kb6 61.Rf8 Ka5 62.Rc8 Kb4 63.Rc6 c3
64.a5 Rxa5 65.Kd1 Ra1+ 66.Kc2 Ra2+ 67.Kc1 d5  0-1

[Event "RUS-Cup01 Chigorin mem"]
[Site "St Petersburg"]
[Date "1997.11.06"]
[Round "6"]
[White "Riazantsev, Alexander"]
[Black "Osnos, Viatcheslav"]
[Result "1/2-1/2"]
[WhiteElo "2275"]
[BlackElo "2440"]

1.d4 Nf6 2.c4 e6 3.Nf3 Bb4+ 4.Bd2 Qe7 5.a3 Bxd2+ 6.Nbxd2 d6 7.e4 e5 8.d5 O-O
9.Bd3 a5 10.b3 Na6 11.O-O c6 12.Qe2 g6 13.Ne1 Bd7 14.Nc2 Nh5 15.g3 Nc5 16.b4 Nxd3
17.Qxd3 f5 18.exf5 Bxf5 19.Ne4 Nf6 20.f3 cxd5 21.Nxf6+ Rxf6 22.Qxd5+ Be6
23.Qe4 Bf5 24.Qd5+ Rf7 25.Ne3 Be6 26.Qe4 Qc7 27.Rac1 axb4 28.axb4 Ra4 29.c5 dxc5
30.Rxc5 Qxc5 31.bxc5 Rxe4 32.fxe4 Rxf1+ 33.Kxf1 Kf7 34.Ke2 Ba2 35.Nd5 Ke6
36.Nb4 Bc4+  1/2-1/2

[Event "AUT-chT2O 9798"]
[Site "Austria"]
[Date "1997.11.07"]
[Round "1"]
[White "Kummer, Helmut"]
[Black "Lechtynsky, Jiri"]
[Result "1/2-1/2"]
[WhiteElo "2380"]
[BlackElo "2425"]

1.d4 Nf6 2.c4 e6 3.Nf3 Bb4+ 4.Bd2 Bxd2+ 5.Qxd2 O-O 6.g3 d5 7.Bg2 Nbd7 8.O-O c6
9.a4 a5 10.Na3 Qe7 11.Rfd1 b6 12.Ne5 Bb7 13.Nxd7 Qxd7 14.Rac1 Qe7 15.Qc2 Rfc8
16.e3 Ba6 17.c5 Nd7 18.cxb6 Qb4 19.Nb1 Qxb6 20.Nd2 Rab8 21.b3 c5 22.Qc3 h6
23.Bf1 cxd4 24.Qxd4 Qxd4 25.exd4 Bxf1 26.Kxf1 Kf8 27.Ke2 Ke7 28.Kd3 Kd6 29.f3 f6
30.Rxc8 Rxc8 31.Rb1 Rb8 32.Nf1 Rb4 33.Ne3 Nb8 34.Nc2 Rb6 35.b4 axb4 36.Rxb4 Kc6
37.f4 Na6 38.Rxb6+ Kxb6 39.Kc3 Kc6 40.Kb3 f5 41.Ka3 Nb8 42.Na1 Kb6 43.Nb3 Na6
44.Kb2 Kc6 45.Kc3 Kb6 46.Kd2 Kc7 47.Ke2 Kc6 48.Kf3 Kd6 49.Ke2 Kc6 50.Kd2 Kb7
51.Nc1 Kb6 52.Nd3 Kc7 53.Kc3 Kb6 54.Kb3 g6 55.h4 Ka5 56.Nc5 Nb8 57.Nxe6 Nc6
58.Ka3 Kb6 59.Kb2 Ka5 60.Kb3 Kb6 61.Kc3 Ka5 62.Nc5 Ne7 63.Kc2 Kb4 64.Kd3 Nc8
65.Ke3 Ne7 66.Kd3 Nc8 67.Ke3 Ne7 68.Kd3  1/2-1/2

[Event "Oberliga Wuert9798"]
[Site "Wuerttemberg"]
[Date "1997.11.09"]
[Round "3"]
[White "Berezovsky, Igor"]
[Black "Holzhaeuer, Mathias"]
[Result "0-1"]
[WhiteElo "2370"]
[BlackElo "2355"]

1.d4 Nf6 2.Nf3 e6 3.c4 Bb4+ 4.Bd2 Qe7 5.g3 Nc6 6.Bg2 Bxd2+ 7.Nbxd2 d6 8.Nf1 d5
9.a3 O-O 10.Ne3 Rd8 11.Qc2 dxc4 12.Qxc4 Nd5 13.Nxd5 exd5 14.Qd3 Qf6 15.O-O Bf5
16.Qc3 Re8 17.e3 Be4 18.Ne1 a5 19.b3 h5 20.h4 g5 21.hxg5 Qxg5 22.Bxe4 Rxe4
23.Kg2 h4 24.Rg1 hxg3 25.Kf1 Rg4 26.f3 Re8 27.Ng2 Qf6 28.Ne1 Qg5 29.Ng2 Qf5
30.Ne1 g2+ 31.Rxg2 Rxg2 32.Kxg2 Re6 33.Kf2 Rh6 34.Ng2 Rh3 35.f4 Qg4 36.Rf1 Rg3
37.Ne1 Qxf4+ 38.exf4 Rxc3 39.Rg1+ Kf8 40.Rg3 Rxg3 41.Kxg3 Nxd4 42.b4 a4 43.Kg4 Ke7
44.Kg5 Nb5  0-1

[Event "Budapest FS11 IM-A"]
[Site "Budapest"]
[Date "1997.11.12"]
[Round "11"]
[White "Lehmann, Zoltan"]
[Black "Tindall, Brett"]
[Result "1-0"]
[WhiteElo "2275"]
[BlackElo "2190"]

1.d4 Nf6 2.Nf3 e6 3.c4 Bb4+ 4.Bd2 Qe7 5.g3 d5 6.Bg2 O-O 7.O-O c6 8.Bg5 Nbd7
9.a3 Bd6 10.Nbd2 h6 11.Bf4 e5 12.dxe5 Nxe5 13.Nxe5 Bxe5 14.Bxe5 Qxe5 15.cxd5 cxd5
16.b3 Re8 17.Re1 Bg4 18.Nf3 Bxf3 19.Bxf3 Qb2 20.Qb1 Qe5 21.Rc1 Ne4 22.Qd3 Rac8
23.Qb5 Qd4 24.Bxe4 dxe4 25.Qxb7 Rxc1+ 26.Rxc1 e3 27.f4 Qb2 28.Qc6 Rb8 29.Qc7 Qxb3
30.Qxa7 Rd8 31.Qc5 Rd2 32.Kf1 Kh7 33.Qf5+ g6 34.Qc5 Qe6 35.Qc4 Rd1+ 36.Kg2 Rxc1
37.Qxc1 Qd5+ 38.Kg1 Qd2 39.Qc4 Qe1+ 40.Kg2 Qf2+ 41.Kh3 Kg7 42.a4 Qf1+ 43.Kh4 Qa1
44.Qe4 Qg1 45.h3 Qf2 46.Qd4+ Kh7 47.Qc4 Kg7 48.a5 Qg2 49.Qd4+ Kh7 50.Qxe3 Qd5
51.Qe5 Qd8+ 52.Kg4 Qd7+ 53.f5 h5+ 54.Kf4 Qd2+ 55.Kf3 g5 56.a6 Qc1 57.Qf6 Qf1+
58.Ke3 Qg1+ 59.Kd2 Qa7 60.Kd3 g4 61.hxg4 hxg4 62.Qh4+ Kg7 63.Qxg4+ Kf8 64.Qb4+ Kg8
65.Qb7 Qf2 66.a7 Qxg3+ 67.Kc2  1-0

[Event "AUT-chT2S 9798"]
[Site "Austria"]
[Date "1997.11.15"]
[Round "3"]
[White "Ivancsics, Michael"]
[Black "Ceschia, Ivano"]
[Result "1/2-1/2"]
[WhiteElo "2235"]
[BlackElo "2315"]

1.d4 Nf6 2.c4 e6 3.Nf3 Bb4+ 4.Bd2 Qe7 5.g3 Ne4 6.Bg2 O-O 7.O-O Nxd2 8.Nfxd2 e5
9.d5 Bxd2 10.Qxd2 d6 11.Nc3 a5 12.b3 Nd7 13.a3 Nc5 14.Qc2 a4 15.b4 Nb3 16.Rab1 Bd7
17.e3 f5 18.c5 f4 19.Be4 dxc5 20.d6 cxd6 21.Bxb7 Bf5 22.Be4 Bxe4 23.Qxe4 Qf7
24.Rbd1 cxb4 25.Qxb4 f3 26.Qxd6 Qf5 27.Qd7 Qh5 28.Ne4 Qe8  1/2-1/2

[Event "CZE-chT 9798"]
[Site "CZE"]
[Date "1997.11.15"]
[Round "1"]
[White "Vorisek, Jaroslav"]
[Black "Jurasek, Miroslav"]
[Result "0-1"]
[WhiteElo "2230"]
[BlackElo "2315"]

1.d4 Nf6 2.c4 e6 3.Nf3 Bb4+ 4.Bd2 Qe7 5.a3 Bxd2+ 6.Qxd2 b6 7.g3 Bb7 8.Bg2 O-O
9.Nc3 Nc6 10.b4 d5 11.O-O Rad8 12.Ne5 Nxe5 13.dxe5 Ng4 14.Qf4 h5 15.h4 c6
16.Rac1 a5 17.bxa5 bxa5 18.Bf3 Ba6 19.Bxg4 hxg4 20.Qxg4 Bxc4 21.Ne4 Bxe2
22.Nf6+ Qxf6 23.Qxe2 Qe7 24.Rxc6 Qxa3 25.Qg4 Rc8 26.Rd6 Rc4 27.Qg5 Qf3 28.Rd8 Rc8
29.Rxf8+ Kxf8 30.h5 a4 31.h6 g6 32.Qh4 a3 33.Qb4+ Kg8 34.Qb7 Qc3 35.h7+ Kg7
36.Kg2 Rh8 37.Rh1 Qxe5 38.Rh4 a2 39.Rf4 Qxf4  0-1

[Event "AUT-chT2O 9798"]
[Site "Austria"]
[Date "1997.12.08"]
[Round "6"]
[White "Wirius, Stefan"]
[Black "Rumpl, Erwin"]
[Result "1-0"]
[WhiteElo "2265"]
[BlackElo "2190"]

1.d4 Nf6 2.Nf3 e6 3.c4 Bb4+ 4.Bd2 a5 5.g3 d5 6.Qa4+ Qd7 7.Qc2 dxc4 8.Qxc4 Qd5
9.Qxc7 Nc6 10.Nc3 Bxc3 11.Bxc3 O-O 12.Bg2 Qb5 13.a4 Qb3 14.O-O Nd5 15.Qd6 Nxc3
16.bxc3 Qxc3 17.e3 Ra6 18.Rfc1 Qb4 19.Qc7 Qb6 20.Qd6 Qb4 21.Qxb4 axb4 22.Nd2 Bd7
23.Nb3 Ra7 24.Nc5 Be8 25.Rab1 b6 26.Nxe6 fxe6 27.Bxc6 Bxc6 28.Rxc6 Rxa4 29.Rb2 b5
30.Rxe6 b3 31.Rc6 Rc4 32.Rc5 Rxc5 33.dxc5 Rc8 34.Rxb3 Rxc5 35.Kg2 Kf7 36.e4 Ke6
37.f4 Rc4 38.Kf3 b4 39.Rd3 Kf6 40.e5+ Ke6 41.Rd6+ Ke7 42.g4 b3 43.Rb6 Rc3+
44.Ke4 Rh3 45.Rb7+ Kd8 46.Kf5 Kc8 47.Rb4 Kd7 48.e6+ Kd6 49.Rb8 Re3 50.h4 g6+
51.Kg5 Rg3 52.Rb6+ Ke7 53.Rb7+ Kxe6 54.Rxh7 b2 55.Rb7 Rg2 56.h5 gxh5 57.Kxh5 Kd5
58.f5 Ke5 59.Kg5 Rh2 60.Kg6 Rh8 61.Rxb2 Rg8+ 62.Kf7 Rxg4 63.f6 Ra4 64.Rb6  1-0